ARRUPE JESUIT UNIVERSITY

CORONAVIRUS -STOP THE SPREAD - CLEAN,DISINFECT,COVER

Living together differently : (Record no. 131959)

MARC details
000 -LEADER
fixed length control field 01019cam a2200289 a 4500
001 - CONTROL NUMBER
control field 1646292
003 - CONTROL NUMBER IDENTIFIER
control field ARRUPE
005 - DATE AND TIME OF LATEST TRANSACTION
control field 20251021101831.0
008 - FIXED-LENGTH DATA ELEMENTS--GENERAL INFORMATION
fixed length control field 960920s1995 fr s i000 0 eng
010 ## - LIBRARY OF CONGRESS CONTROL NUMBER
LC control number 96198084
035 ## - SYSTEM CONTROL NUMBER
System control number 1646292
040 ## - CATALOGING SOURCE
Original cataloging agency DLC
Transcribing agency DLC
Modifying agency DLC
050 00 - LIBRARY OF CONGRESS CALL NUMBER
Classification number HM276
Item number .L56 1995
082 00 - DEWEY DECIMAL CLASSIFICATION NUMBER
Classification number 179.9
Edition number 21
300 ## - PHYSICAL DESCRIPTION
Dimensions 30 cm.
Other physical details Book
245 00 - TITLE STATEMENT
Title Living together differently :
Remainder of title a theological perspective vol. 1, an interdisciplinary perspective vol. 2
Statement of responsibility, etc edited by Stephen Eyeowa and Dieudonne Mbiribindi
260 ## - PUBLICATION, DISTRIBUTION, ETC. (IMPRINT)
Place of publication, distribution, etc Nairobi
Name of publisher, distributor, etc Paulines Publications Africa,
Date of publication, distribution, etc 2025
300 ## - PHYSICAL DESCRIPTION
Extent 304 pages ;
Size of unit 21cm.
500 ## - GENERAL NOTE
General note Cover title.
650 #0 - SUBJECT ADDED ENTRY--TOPICAL TERM
Topical term or geographic name as entry element Toleration.
650 #0 - SUBJECT ADDED ENTRY--TOPICAL TERM
Topical term or geographic name as entry element Cultural pluralism.
9 (RLIN) 7972
650 #0 - SUBJECT ADDED ENTRY--TOPICAL TERM
Topical term or geographic name as entry element Non-governmental organizations.
9 (RLIN) 44279
906 ## - LOCAL DATA ELEMENT F, LDF (RLIN)
a 7
b cbc
c orignew
d 3
e ncip
f 19
g y-gencatlg
942 ## - ADDED ENTRY ELEMENTS (KOHA)
Source of classification or shelving scheme Library of Congress Classification
Koha item type Monograph ( Printed materials)
Holdings
Withdrawn status Lost status Source of classification or shelving scheme Damaged status Not for loan Collection code Home library Current library Shelving location Date acquired Total Checkouts Full call number Barcode Date last seen Price effective from Koha item type
    Library of Congress Classification     Main Collection ARRUPE LIBRARY ARRUPE LIBRARY Main Collection 21/10/2025   HM276 .L56 1995 46700000441 21/10/2025 21/10/2025 Monograph ( Printed materials)
    Library of Congress Classification     Main Collection ARRUPE LIBRARY ARRUPE LIBRARY Main Collection 21/10/2025   HM276 .L56 1995 vol. 1 46700000442 21/10/2025 21/10/2025 Monograph ( Printed materials)

 

Arrupe Library. PO Box MP320 Mt Pleasant, Harare, Zimbabwe
263 242 745411|librarian@aju.ac.zw